The pilgrim's progress

Gespeichert in:
Bibliographische Detailangaben
1. Verfasser: Bunyan, John (VerfasserIn)
Format: Buch
Sprache:Englisch
Veröffentlicht: Nueva York Pocket Books 1957
Schriftenreihe:The Pocket Library
Schlagworte:
Tags: Tag hinzufügen
Keine Tags, Fügen Sie den ersten Tag hinzu!

MARC

LEADER 00000nam a2200000 a 4500
001 UCI6995
003 CL-VaPUC
008 080605e19570000US |||||||||||||||||eng|d
082 0 4 |a 823  |b BUN  |2 21 
100 0 |a Bunyan, John  |e author  |9 530116 
245 1 4 |a The pilgrim's progress 
300 |a 308 p 
942 |c BK 
945 |d 20080605 00:00:00  |a rbrito 
260 |a Nueva York  |b Pocket Books  |c 1957 
650 0 |a Novelas inglesas  |9 265220 
583 |a last modification  |c 20120511 11:38:43  |k Rodrigo Vera 
490 0 |a The Pocket Library 
999 |c 330425  |d 330423 
952 |0 0  |1 0  |4 0  |6 823_000000000000000_BUN_1957  |7 0  |8 A  |9 415956  |a BIBEDU  |b BIBEDU  |d 2019-11-22  |i 4446992  |o 823 BUN 1957  |p 4446992  |r 2019-11-22  |w 2019-11-22  |y BK  |k LIT